Nỗi buồn chiến tranh = Thân phận tình yêu :

Đã lưu trong:
Bibliografiske detaljer
Hovedforfatter: Bảo Ninh
Format: Sách giấy
Sprog:Vietnamese
Udgivet: TP.HCM : Hội Nhà văn , 1991
Tags: Tilføj Tag
Ingen Tags, Vær først til at tagge denne postø!
Thư viện lưu trữ: Thư viện Trường Đại học Đà Lạt
LEADER 00651nam a2200253 4500
001 DLU020015193
005 ##8/2/2000
020 # # |a 978- 
041 # # |a vie 
082 # # |a TV  |b BA-N 
090 # # |a TV  |b BA-N 
100 # # |a Bảo Ninh 
245 # # |a Nỗi buồn chiến tranh =  |b Thân phận tình yêu :  |b Tiểu thuyết (Giải thưởng hội nhà văn năm 1991) /  |c Bảo Ninh 
260 # # |a TP.HCM :  |b Hội Nhà văn ,  |c 1991 
300 # # |a 284 tr.;   |c 19 cm. 
992 # # |a 11400 
994 # # |a DLU 
900 # # |a False 
911 # # |a Administrator 
925 # # |a G 
926 # # |a A 
927 # # |a SH 
980 # # |a Thư viện Trường Đại học Đà Lạt